[Event "Nis GM 2019"]
[Site "Nis"]
[Date "2019.12.02"]
[Round "3.2"]
[White "Miljkovic, Miroslav D"]
[Black "Dimitrov, Radoslav"]
[Result "1/2-1/2"]
[WhiteElo "2496"]
[BlackElo "2515"]
[Annotator "RC"]
[PlyCount "155"]
[EventDate "2019.11.30"]
[EventType "tourn"]
[EventCountry "SRB"]
[TimeControl "40/5400+30:1800+30"]

1. d4 {[%emt 0:00:00]} Nf6 {[%emt 0:00:00]} 2. c4 {[%emt 0:00:00]} d6 {[%emt 0:00:00]} 3. Nf3 {[%emt 0:00:44]} g6 {[%emt 0:00:00]} 4. Nc3 {[%emt 0:00:20]} Bf5 {[%emt 0:00:00]} 5. Ng5 {[%emt 0:01:01]} h6 {[%emt 0:03:42]} 6. e4 {[%emt 0:00:11]} Bg4 {[%emt 0:00:04]} 7. Nf3 {[%emt 0:00:36]} Nc6 {[%emt 0:01:31]} 8. Be3 {[%emt 0:01:37]} e5 {[%emt 0:05:53]} 9. d5 {[%emt 0:02:29]} Ne7 {[%emt 0:00:02]} 10. c5 {[%emt 0:03:19]} Bg7 {[%emt 0:04:16]} 11. Qa4+ {[%emt 0:14:56]} Bd7 {[%emt 0:02:59]} 12. Qa3 {[%emt 0:01:03]} dxc5 {[%emt 0:03:23]} 13. Bxc5 {[%emt 0:00:55]} b6 {[%emt 0:00:10]} 14. Bb4 {[%emt 0:11:16]} a5 {[%emt 0:01:09]} 15. Nb5 {[%emt 0:04:05]} Bxb5 {[%emt 0:43:21]} 16. Bxb5+ {[%emt 0:02:26]} Kf8 {[%emt 0:00:01]} 17. Bxe7+ {[%emt 0:14:55]} Qxe7 {[%emt 0:00:02]} 18. Qxe7+ {[%emt 0:11:31]} Kxe7 {[%emt 0:00:01]} 19. Rc1 {[%emt 0:04:54]} c5 {[%emt 0:05:26]} 20. dxc6 {[%emt 0:08:13]} Nxe4 {[%emt 0:01:38]} 21. Nd2 {[%emt 0:01:52]} Nd6 {[%emt 0:04:52]} 22. a4 {[%emt 0:00:13]} e4 {[%emt 0:00:08]} 23. Nc4 {[%emt 0:01:04]} Nxc4 {[%emt 0:04:09]} 24. Rxc4 {[%emt 0:00:13]} f5 {[%emt 0:00:02]} 25. Ke2 {[%emt 0:01:01]} Bxb2 {[%emt 0:09:08]} 26. Rd1 {[%emt 0:00:36]} Ba3 {[%emt 0:00:23]} 27. Rcd4 {[%emt 0:03:16]} Rhc8 {[%emt 0:06:02]} 28. Rd7+ {[%emt 0:00:15]} Kf6 {[%emt 0:00:01]} 29. Rb7 {[%emt 0:02:59]} Ke5 {[%emt 0:01:18]} 30. Rg7 {[%emt 0:01:12]} Rg8 {[%emt 0:01:29]} 31. Rgd7 {[%emt 0:01:55]} Rgc8 {[%emt 0:00:42]} 32. R1d5+ {[%emt 0:00:34]} Kf6 {[%emt 0:00:27]} 33. Rb7 {[%emt 0:00:35]} Bc5 {[%emt 0:02:17]} 34. Rdd7 {[%emt 0:00:57]} Ke5 {[%emt 0:00:31]} 35. Rg7 {[%emt 0:00:16]} g5 {[%emt 0:01:10]} 36. Rg6 {[%emt 0:01:43]} Rd8 {[%emt 0:00:57]} 37. c7 {[%emt 0:00:44]} Rh8 {[%emt 0:00:38]} 38. Bd7 {[%emt 0:01:22]} Bd6 {[%emt 0:00:02]} 39. g3 {[%emt 0:03:11]} f4 {[%emt 0:00:21]} 40. gxf4+ {[%emt 0:00:00]} gxf4 {[%emt 0:00:00]} 41. f3 {[%emt 0:01:47]} exf3+ {[%emt 0:04:54]} 42. Kxf3 {[%emt 0:00:03]} Kd5 {[%emt 0:00:25]} 43. h4 {[%emt 0:04:56]} h5 {[%emt 0:05:27]} 44. Rg5+ {[%emt 0:00:29]} Kd4 {[%emt 0:00:01]} 45. Be6 {[%emt 0:06:35]} Bc5 {[%emt 0:04:42]} 46. Bf7 {[%emt 0:03:29]} Rac8 {[%emt 0:00:59]} 47. Rd5+ {[%emt 0:03:53]} Kc3 {[%emt 0:00:05]} 48. Rxh5 {[%emt 0:00:20]} Rxh5 {[%emt 0:03:11]} 49. Bxh5 {[%emt 0:00:02]} Bd6 {[%emt 0:00:08]} 50. Rxb6 {[%emt 0:00:11]} Be5 {[%emt 0:00:09]} 51. Rb5 {[%emt 0:06:21]} Bf6 {[%emt 0:03:15]} 52. Rc5+ {[%emt 0:02:42]} Kd4 {[%emt 0:00:18]} 53. Rc1 {[%emt 0:03:53]} Be5 {[%emt 0:00:10]} 54. Rd1+ {[%emt 0:00:35]} Kc5 {[%emt 0:00:42]} 55. Bf7 {[%emt 0:00:23]} Bxc7 {[%emt 0:01:08]} 56. h5 {[%emt 0:00:16]} Rf8 {[%emt 0:02:34]} 57. Rd5+ {[%emt 0:00:17]} Kb4 {[%emt 0:01:15]} 58. Rd4+ {[%emt 0:01:15]} Ka3 {[%emt 0:00:02]} 59. Bg6 {[%emt 0:00:40]} Be5 {[%emt 0:01:02]} 60. Re4 {[%emt 0:00:23]} Bc3 {[%emt 0:01:52]} 61. Be8 {[%emt 0:00:52]} Bb4 {[%emt 0:02:00]} 62. Re6 {[%emt 0:01:13]} Bc3 {[%emt 0:01:00]} 63. Bb5 {[%emt 0:00:29]} Rf5 {[%emt 0:01:01]} 64. Kg4 {[%emt 0:00:53]} Rf8 {[%emt 0:00:11]} 65. Kf3 {[%emt 0:00:11]} Rf5 {[%emt 0:00:01]} 66. Be8 {[%emt 0:00:28]} Rf8 {[%emt 0:04:26]} 67. h6 {[%emt 0:00:28]} Rh8 {[%emt 0:00:01]} 68. Bc6 {[%emt 0:00:25]} Bb4 {[%emt 0:00:06]} 69. Bb5 {[%emt 0:01:53]} Kb3 {[%emt 0:00:37]} 70. Rc6 {[%emt 0:00:17]} Ka3 {[%emt 0:00:49]} 71. Re6 {[%emt 0:00:17]} Kb3 {[%emt 0:00:06]} 72. Rf6 {[%emt 0:00:41]} Ka3 {[%emt 0:02:26]} 73. Kg4 {[%emt 0:00:17]} Bc3 {[%emt 0:01:16]} 74. Rd6 {[%emt 0:00:23]} Kb4 {[%emt 0:00:58]} 75. Rc6 {[%emt 0:00:33]} f3 {[%emt 0:00:30]} 76. Kxf3 {[%emt 0:00:59]} Bd2 {[%emt 0:00:02]} 77. Rc4+ {[%emt 0:00:31]} Kb3 {[%emt 0:00:48]} 78. Rc6 {[%emt 0:00:28]} 1/2-1/2

[Event "Nis GM 2019"]
[Site "Nis"]
[Date "2019.12.02"]
[Round "3.3"]
[White "Djukic, Nikola"]
[Black "Perunovic, Miodrag"]
[Result "0-1"]
[WhiteElo "2507"]
[BlackElo "2433"]
[Annotator "ChessBase"]
[PlyCount "66"]
[EventDate "2019.11.30"]
[EventType "tourn"]
[EventCountry "SRB"]
[SourceTitle "playchess.com"]
[Source "ChessBase"]
[SourceQuality "1"]
[TimeControl "40/5400+30:1800+30"]

1. e4 {[%emt 0:00:00]} c5 {[%emt 0:01:40]} 2. Nf3 {[%emt 0:00:00]} g6 {[%emt 0:00:07]} 3. d4 {[%emt 0:00:41]} cxd4 {[%emt 0:00:10]} 4. Nxd4 {[%emt 0:00:06]} Nc6 {[%emt 0:00:08]} 5. Nc3 {[%emt 0:00:16]} Bg7 {[%emt 0:00:09]} 6. Be3 {[%emt 0:00:07]} Nf6 {[%emt 0:00:07]} 7. Bc4 {[%emt 0:00:07]} O-O {[%emt 0:00:10]} 8. Bb3 {[%emt 0:00:05]} Re8 {[%emt 0:00:07]} 9. O-O {[%emt 0:09:55]} d6 {[%emt 0:00:08]} 10. h3 {[%emt 0:00:06]} Na5 {[%emt 0:00:06]} 11. Qd2 {[%emt 0:03:15]} a6 {[%emt 0:00:09]} 12. Bh6 {[%emt 0:02:58]} Bh8 {[%emt 0:10:53]} 13. Rae1 {[%emt 0:37:41]} b5 {[%emt 0:02:53]} 14. f4 {[%emt 0:01:12]} e5 {[%emt 0:13:00]} 15. Nde2 {[%emt 0:10:44]} Nxb3 {[%emt 0:02:32]} 16. axb3 {[%emt 0:03:33]} b4 {[%emt 0:08:38]} 17. Na4 {[%emt 0:04:02]} Nxe4 {[%emt 0:00:24]} 18. Qxb4 {[%emt 0:00:14]} Bf5 {[%emt 0:00:13]} 19. fxe5 {[%emt 0:02:53]} Rb8 {[%emt 0:07:32]} 20. Qd4 {[%emt 0:03:11]} dxe5 {[%emt 0:01:11]} 21. Qxd8 {[%emt 0:01:08]} Rexd8 {[%emt 0:00:15]} 22. g4 {[%emt 0:02:35]} Be6 {[%emt 0:03:11]} 23. Nec3 {[%emt 0:01:35]} Nxc3 {[%emt 0:00:15]} 24. bxc3 {[%emt 0:00:04]} f5 {[%emt 0:05:19]} 25. Nc5 {[%emt 0:06:00]} Bc8 {[%emt 0:00:02]} 26. gxf5 {[%emt 0:03:45]} gxf5 {[%emt 0:00:37]} 27. Re2 {[%emt 0:01:22]} Rb6 {[%emt 0:00:33]} 28. Rg2+ {[%emt 0:04:30]} Kf7 {[%emt 0:00:15]} 29. Bc1 {[%emt 0:01:20]} f4 {[%emt 0:04:26]} 30. Ne4 {[%emt 0:00:11]} Bf5 {[%emt 0:00:08]} 31. Re2 {[%emt 0:01:08]} Rg8+ {[%emt 0:01:13]} 32. Kh2 {[%emt 0:00:08]} Bxh3 {[%emt 0:01:41]} 33. Rg1 {[%emt 0:00:45]} Bg4 {[%emt 0:00:14]} 0-1

[Event "Nis GM 2019"]
[Site "Nis"]
[Date "2019.12.02"]
[Round "3.4"]
[White "Radovanovic, Mihajlo"]
[Black "Svetushkin, Dmitry"]
[Result "1/2-1/2"]
[WhiteElo "2479"]
[BlackElo "2547"]
[Annotator "ChessBase"]
[PlyCount "86"]
[EventDate "2019.11.30"]
[EventType "tourn"]
[EventCountry "SRB"]
[SourceTitle "playchess.com"]
[Source "ChessBase"]
[SourceQuality "1"]
[TimeControl "40/5400+30:1800+30"]

1. d4 {[%emt 0:00:00]} d5 {[%emt 0:00:00]} 2. c4 {[%emt 0:00:00]} c6 {[%emt 0:00:24]} 3. Nf3 {[%emt 0:00:00]} Nf6 {[%emt 0:00:11]} 4. Nc3 {[%emt 0:00:00]} a6 {[%emt 0:01:13]} 5. c5 {[%emt 0:01:43]} g6 {[%emt 0:00:20]} 6. g3 {[%emt 0:01:43]} Bg7 {[%emt 0:00:47]} 7. Bg2 {[%emt 0:00:05]} Bf5 {[%emt 0:00:59]} 8. O-O {[%emt 0:01:27]} Qc8 {[%emt 0:01:15]} 9. Na4 {[%emt 0:04:25]} Nbd7 {[%emt 0:00:13]} 10. Nh4 {[%emt 0:01:40]} Be6 {[%emt 0:00:32]} 11. Qd3 {[%emt 0:14:39]} O-O {[%emt 0:03:46]} 12. f3 {[%emt 0:04:10]} Ne8 {[%emt 0:04:30]} 13. e4 {[%emt 0:08:23]} Bf6 {[%emt 0:00:49]} 14. Bh6 {[%emt 0:03:13]} Ng7 {[%emt 0:00:10]} 15. Qe3 {[%emt 0:14:08]} Qc7 {[%emt 0:15:31]} 16. Bg5 {[%emt 0:04:23]} Bxg5 {[%emt 0:04:33]} 17. Qxg5 {[%emt 0:00:28]} dxe4 {[%emt 0:01:03]} 18. fxe4 {[%emt 0:01:37]} Bc4 {[%emt 0:00:48]} 19. Rfc1 {[%emt 0:03:31]} Bb5 {[%emt 0:06:24]} 20. Nc3 {[%emt 0:00:34]} e5 {[%emt 0:00:11]} 21. d5 {[%emt 0:03:51]} b6 {[%emt 0:04:06]} 22. cxb6 {[%emt 0:05:15]} Qxb6+ {[%emt 0:02:42]} 23. Kh1 {[%emt 0:00:06]} cxd5 {[%emt 0:08:48]} 24. Nxd5 {[%emt 0:01:01]} Qf2 {[%emt 0:04:26]} 25. a4 {[%emt 0:00:51]} Bd3 {[%emt 0:02:53]} 26. Rc7 {[%emt 0:01:42]} Ne6 {[%emt 0:02:14]} 27. Ne7+ {[%emt 0:05:14]} Kg7 {[%emt 0:07:06]} 28. Nhf5+ {[%emt 0:00:23]} Kh8 {[%emt 0:00:09]} 29. Nxg6+ {[%emt 0:05:56]} fxg6 {[%emt 0:00:39]} 30. Qe7 {[%emt 0:00:05]} Rad8 {[%emt 0:02:22]} 31. Rxd7 {[%emt 0:03:59]} Rxd7 {[%emt 0:00:33]} 32. Qxd7 {[%emt 0:00:50]} Qxb2 {[%emt 0:03:22]} 33. Rd1 {[%emt 0:02:55]} Bc4 {[%emt 0:03:33]} 34. Nd6 {[%emt 0:01:54]} Qb3 {[%emt 0:11:04]} 35. Nxc4 {[%emt 0:01:13]} Rd8 {[%emt 0:01:23]} 36. Qxd8+ {[%emt 0:01:13]} Nxd8 {[%emt 0:00:05]} 37. Rxd8+ {[%emt 0:00:07]} Kg7 {[%emt 0:00:06]} 38. Nd2 {[%emt 0:00:42]} Qxa4 {[%emt 0:00:06]} 39. Bf1 {[%emt 0:01:00]} a5 {[%emt 0:00:05]} 40. Bc4 {[%emt 0:00:00]} Qd1+ {[%emt 0:00:00]} 41. Kg2 {[%emt 0:02:49]} a4 {[%emt 0:00:36]} 42. Rd7+ {[%emt 0:00:29]} Kh8 {[%emt 0:02:23]} 43. Rd8+ {[%emt 0:03:54]} Kg7 {[%emt 0:03:09]} 1/2-1/2

[Event "Nis GM 2019"]
[Site "Nis"]
[Date "2019.12.02"]
[Round "3.5"]
[White "Nikolaidis, Ioannis"]
[Black "Maksimovic, Branimir"]
[Result "1-0"]
[WhiteElo "2531"]
[BlackElo "2320"]
[Annotator "ChessBase"]
[PlyCount "65"]
[EventDate "2019.11.30"]
[EventType "tourn"]
[EventCountry "SRB"]
[SourceTitle "playchess.com"]
[Source "ChessBase"]
[SourceQuality "1"]
[TimeControl "40/5400+30:1800+30"]

1. d4 {[%emt 0:00:00]} Nf6 {[%emt 0:00:00]} 2. c4 {[%emt 0:00:00]} e6 {[%emt 0:00:00]} 3. Nf3 {[%emt 0:00:12]} d5 {[%emt 0:00:00]} 4. Nc3 {[%emt 0:00:17]} c5 {[%emt 0:00:16]} 5. cxd5 {[%emt 0:00:29]} Nxd5 {[%emt 0:00:07]} 6. e4 {[%emt 0:04:29]} Nxc3 {[%emt 0:00:07]} 7. bxc3 {[%emt 0:00:02]} cxd4 {[%emt 0:00:15]} 8. cxd4 {[%emt 0:00:04]} Bb4+ {[%emt 0:00:17]} 9. Bd2 {[%emt 0:00:02]} Bxd2+ {[%emt 0:00:10]} 10. Qxd2 {[%emt 0:00:02]} O-O {[%emt 0:00:18]} 11. Rc1 {[%emt 0:00:21]} Nc6 {[%emt 0:06:04]} 12. Bb5 {[%emt 0:03:25]} Bd7 {[%emt 0:05:30]} 13. O-O {[%emt 0:14:43]} Ne5 {[%emt 0:01:07]} 14. Be2 {[%emt 0:01:22]} Nxf3+ {[%emt 0:12:32]} 15. Bxf3 {[%emt 0:01:01]} Bb5 {[%emt 0:06:02]} 16. Rfd1 {[%emt 0:09:19]} Ba4 {[%emt 0:00:19]} 17. Re1 {[%emt 0:00:12]} Qd7 {[%emt 0:00:45]} 18. d5 {[%emt 0:02:58]} exd5 {[%emt 0:17:02]} 19. exd5 {[%emt 0:00:18]} Rfe8 {[%emt 0:01:05]} 20. Qf4 {[%emt 0:07:04]} Rxe1+ {[%emt 0:14:26]} 21. Rxe1 {[%emt 0:00:05]} Re8 {[%emt 0:00:07]} 22. Rc1 {[%emt 0:07:01]} Bb5 {[%emt 0:15:30]} 23. h4 {[%emt 0:09:49]} Rc8 {[%emt 0:02:36]} 24. Re1 {[%emt 0:11:20]} Re8 {[%emt 0:01:29]} 25. Rxe8+ {[%emt 0:05:08]} Qxe8 {[%emt 0:00:02]} 26. Qc7 {[%emt 0:00:20]} Qe1+ {[%emt 0:08:40]} 27. Kh2 {[%emt 0:00:07]} Be8 {[%emt 0:00:06]} 28. d6 {[%emt 0:08:22]} Qe5+ {[%emt 0:01:00]} 29. g3 {[%emt 0:00:16]} Kf8 {[%emt 0:03:39]} 30. Bxb7 {[%emt 0:02:39]} g6 {[%emt 0:00:07]} 31. Bg2 {[%emt 0:06:03]} a5 {[%emt 0:03:28]} 32. Qd8 {[%emt 0:01:48]} Qe6 {[%emt 0:01:40]} 33. Bc6 {[%emt 0:01:18]} 1-0

[Event "Nis GM 2019"]
[Site "Nis"]
[Date "2019.12.03"]
[Round "4.1"]
[White "Ivic, Velimir"]
[Black "Maksimovic, Branimir"]
[Result "1-0"]
[WhiteElo "2531"]
[BlackElo "2320"]
[Annotator "TA"]
[PlyCount "113"]
[EventDate "2019.11.30"]
[EventType "tourn"]
[EventCountry "SRB"]
[SourceTitle "playchess.com"]
[Source "ChessBase"]
[SourceQuality "1"]

{[%evp 9,113,21,29,16,12,9,16,0,0,0,0,0,9,8,16,7,12,10,15,0,8,0,0,12,0,-14,0,0,0,0,0,0,0,0,0,-10,-26,-28,-2,-45,-51,-44,40,39,39,45,45,47,46,41,45,37,47,36,46,44,45,47,50,38,66,31,92,85,86,68,93,97,129,117,116,106,175,159,187,177,256,251,260,263,281,271,276,267,268,259,400,400,405,406,406,398,407,404,489,508,496,451,482,447,724,696,762,749,960,907]} 1. e4 e5 2. Nf3 Nc6 3. Bb5 Nf6 4. d3 Bc5 5. Bxc6 dxc6 6. Nbd2 {C65: Ruy Lopez: Berlin Defence (3...Nf6), unusual lines and 4 0-0 Bc5} (6. O-O {keeps more tension.} Nd7 7. c3 O-O 8. d4 Bd6 9. Nbd2) 6... Be6 7. O-O Nd7 8. Nb3 {The position is equal.} Bb6 9. Ng5 Bxb3 10. axb3 Nf8 $146 (10... Qe7 11. Nf3 O-O 12. Nd2 Nc5 13. Nc4 f6 {1-0 (102) Dominguez Perez,L (2763)-Wang,H (2726) Khanty-Mansiysk 2019}) ({Predecessor:} 10... f6 11. Nf3 Nc5 12. Nd2 O-O 13. Nc4 Ne6 {0-1 (50) Zhigalko,S (2610)-Deac,B (2582) Porticcio 2018}) 11. Nf3 f6 12. Nd2 Qd7 13. Nc4 Ne6 14. Be3 O-O 15. Kh1 Bd4 16. Bxd4 Qxd4 17. Qc1 c5 18. Ne3 Qd7 19. Qd1 a5 20. Qg4 Rf7 21. g3 Nd4 {White should prevent ...Qxg4.} 22. Qh5 g6 23. Qd1 f5 24. Nc4 fxe4 25. dxe4 ({Don't go for} 25. Nxe5 $2 Qd5 $19) 25... Qc6 ({Black should play} 25... Qe6 $15) 26. f3 $14 Qe6 27. c3 $36 {[%mdl 2048] White is more active.} Nc6 28. Qd5 Qe7 {And now ...Rd8 would win.} 29. Qd3 Rd8 30. Qe2 Qe6 31. Rad1 Rfd7 32. Rxd7 Qxd7 33. Kg2 Kg7 34. h4 Qd3 35. Kf2 (35. Qf2 {looks sharper.} b6 36. Ne3 Qd2 37. Qxd2 Rxd2+ 38. Rf2) 35... Qxe2+ (35... Qd7 $1 $14) 36. Kxe2 {[%mdl 4096] Endgame KRN-KRN} Kf6 37. Rh1 b5 38. Ne3 Ne7 39. Ra1 Ra8 {[#]} 40. b4 $1 cxb4 (40... a4 $16 {is a better defense.}) 41. cxb4 $18 a4 42. Rc1 c6 {[#]} (42... Ke6 $142 43. Rxc7 a3 44. bxa3 Rxa3) 43. Ng4+ $1 Ke6 44. Rc5 a3 45. bxa3 ({Weaker is} 45. Rxe5+ Kd6 $15) 45... Rxa3 46. Nxe5 Kd6 47. Nd3 Rb3 (47... h5 {might work better.} 48. Rc2 Nc8) 48. h5 Rb1 49. hxg6 hxg6 50. Ke3 Rb3 51. Kd4 Rb1 52. Rc1 {White is clearly winning.} Rb3 53. f4 Ra3 54. g4 Ra2 (54... c5+ $142 55. bxc5+ Kc7) 55. f5 gxf5 56. gxf5 Re2 57. Rh1 {Accuracy: White = 69%, Black = 47%.} 1-0

[Event "Nis GM 2019"]
[Site "Nis"]
[Date "2019.12.03"]
[Round "4.2"]
[White "Svetushkin, Dmitry"]
[Black "Nikolaidis, Ioannis"]
[Result "1/2-1/2"]
[WhiteElo "2547"]
[BlackElo "2531"]
[Annotator "TA"]
[PlyCount "29"]
[EventDate "2019.11.30"]
[EventType "tourn"]
[EventCountry "SRB"]
[SourceTitle "playchess.com"]
[Source "ChessBase"]
[SourceQuality "1"]

{[%evp 24,29,1,0,0,0,0,-4]} 1. d4 d5 2. c4 c6 3. cxd5 cxd5 4. Nc3 Nf6 5. Nf3 Nc6 6. Bf4 Bf5 7. e3 e6 8. Bd3 Bxd3 9. Qxd3 Bd6 10. Bxd6 Qxd6 11. O-O O-O 12. Rfc1 Rfc8 13. Ne2 {[#] The position is equal.} g6 $146 {D14: Slav Defence: Exchange variation with ...Bf5} ({Predecessor:} 13... Ne7 14. Nd2 Rxc1+ 15. Rxc1 Rc8 16. Rxc8+ Nxc8 17. h3 Nb6 18. b3 h6 19. Qc2 Ne8 20. Kf1 Qc7 21. Qxc7 Nxc7 {½-½ (37) Le,Q (2712)-Nguyen,N (2621) Dubai 2014}) 14. g3 Rc7 15. a3 1/2-1/2

[Event "Nis GM 2019"]
[Site "Nis"]
[Date "2019.12.03"]
[Round "4.3"]
[White "Perunovic, Miodrag"]
[Black "Radovanovic, Mihajlo"]
[Result "0-1"]
[WhiteElo "2433"]
[BlackElo "2479"]
[Annotator "ChessBase"]
[PlyCount "118"]
[EventDate "2019.11.30"]
[EventType "tourn"]
[EventCountry "SRB"]
[SourceTitle "playchess.com"]
[Source "ChessBase"]
[SourceQuality "1"]
[TimeControl "40/5400+30:1800+30"]

1. d4 {[%emt 0:10:27]} Nf6 {[%emt 0:00:00]} 2. Bf4 {[%emt 0:00:07]} c5 {[%emt 0:02:01]} 3. d5 {[%emt 0:00:06]} b5 {[%emt 0:01:26]} 4. f3 {[%emt 0:13:04]} e6 {[%emt 0:08:39]} 5. e4 {[%emt 0:05:36]} c4 {[%emt 0:00:33]} 6. a4 {[%emt 0:02:49]} Bc5 {[%emt 0:02:56]} 7. dxe6 {[%emt 0:05:43]} fxe6 {[%emt 0:00:59]} 8. Bd6 {[%emt 0:00:43]} Qb6 {[%emt 0:13:14]} 9. Bxc5 {[%emt 0:00:07]} Qxc5 {[%emt 0:00:03]} 10. Nc3 {[%emt 0:04:20]} O-O {[%emt 0:05:57]} 11. axb5 {[%emt 0:03:48]} d5 {[%emt 0:05:27]} 12. Nge2 {[%emt 0:00:20]} Nxe4 {[%emt 0:01:38]} 13. Nxe4 {[%emt 0:01:42]} dxe4 {[%emt 0:00:06]} 14. Qd4 {[%emt 0:00:45]} Qxb5 {[%emt 0:05:25]} 15. fxe4 {[%emt 0:07:20]} Nc6 {[%emt 0:03:07]} 16. Qc3 {[%emt 0:00:01]} Nb4 {[%emt 0:13:04]} 17. Ng3 {[%emt 0:10:57]} Ba6 {[%emt 0:06:43]} 18. Be2 {[%emt 0:02:16]} Rac8 {[%emt 0:06:26]} 19. Rf1 {[%emt 0:02:05]} Rfd8 {[%emt 0:01:02]} 20. Nh5 {[%emt 0:06:58]} e5 {[%emt 0:01:42]} 21. Rf3 {[%emt 0:02:14]} Rd4 {[%emt 0:04:50]} 22. Ng3 {[%emt 0:04:28]} Rcd8 {[%emt 0:02:07]} 23. Kf1 {[%emt 0:04:05]} Rd2 {[%emt 0:03:18]} 24. Rxa6 {[%emt 0:04:47]} Rxc2 {[%emt 0:01:03]} 25. Bxc4+ {[%emt 0:00:28]} Qxc4+ {[%emt 0:00:07]} 26. Qxc4+ {[%emt 0:00:07]} Rxc4 {[%emt 0:00:05]} 27. Ra1 {[%emt 0:03:11]} Rc2 {[%emt 0:04:02]} 28. Rb3 {[%emt 0:00:02]} a5 {[%emt 0:02:26]} 29. Nf5 {[%emt 0:01:47]} g6 {[%emt 0:02:58]} 30. Ne3 {[%emt 0:00:09]} Rf8+ {[%emt 0:00:07]} 31. Kg1 {[%emt 0:00:17]} Re2 {[%emt 0:00:07]} 32. h3 {[%emt 0:00:49]} Nc6 {[%emt 0:00:15]} 33. Rf1 {[%emt 0:01:28]} Nd4 {[%emt 0:01:04]} 34. Rxf8+ {[%emt 0:00:36]} Kxf8 {[%emt 0:00:00]} 35. Rb8+ {[%emt 0:00:07]} Kf7 {[%emt 0:01:12]} 36. Rb7+ {[%emt 0:00:08]} Ke6 {[%emt 0:00:20]} 37. Rb6+ {[%emt 0:00:08]} Kd7 {[%emt 0:00:49]} 38. Nd5 {[%emt 0:00:25]} Rxe4 {[%emt 0:00:57]} 39. Nf6+ {[%emt 0:00:42]} Kc7 {[%emt 0:00:03]} 40. Ra6 {[%emt 0:00:00]} Re1+ {[%emt 0:00:00]} 41. Kh2 {[%emt 0:15:33]} e4 {[%emt 0:12:39]} 42. Nd5+ {[%emt 0:03:33]} Kc8 {[%emt 0:02:12]} 43. Rxa5 {[%emt 0:00:12]} e3 {[%emt 0:00:21]} 44. Nc3 {[%emt 0:00:02]} h5 {[%emt 0:04:26]} 45. Kg3 {[%emt 0:01:33]} Rf1 {[%emt 0:02:13]} 46. Kh4 {[%emt 0:01:34]} Rg1 {[%emt 0:04:19]} 47. Kg3 {[%emt 0:01:51]} h4+ {[%emt 0:01:18]} 48. Kh2 {[%emt 0:04:46]} Rf1 {[%emt 0:01:00]} 49. Rc5+ {[%emt 0:00:04]} Kb7 {[%emt 0:00:06]} 50. Re5 {[%emt 0:01:53]} Nf5 {[%emt 0:00:14]} 51. Re4 {[%emt 0:02:37]} g5 {[%emt 0:00:22]} 52. Rg4 {[%emt 0:00:13]} Ng3 {[%emt 0:01:07]} 53. Rxg3 {[%emt 0:00:02]} hxg3+ {[%emt 0:00:07]} 54. Kxg3 {[%emt 0:00:07]} Kc6 {[%emt 0:01:01]} 55. Kg4 {[%emt 0:00:30]} Kc5 {[%emt 0:01:21]} 56. Kxg5 {[%emt 0:00:15]} Rc1 {[%emt 0:00:46]} 57. Ne4+ {[%emt 0:01:19]} Kd4 {[%emt 0:00:35]} 58. Ng3 {[%emt 0:00:02]} Kd3 {[%emt 0:00:18]} 59. Kg4 {[%emt 0:03:17]} Rc8 {[%emt 0:00:44]} 0-1

[Event "Nis GM 2019"]
[Site "Nis"]
[Date "2019.12.03"]
[Round "4.4"]
[White "Dimitrov, Radoslav"]
[Black "Djukic, Nikola"]
[Result "1/2-1/2"]
[WhiteElo "2515"]
[BlackElo "2507"]
[Annotator "TA"]
[PlyCount "97"]
[EventDate "2019.11.30"]
[EventType "tourn"]
[EventCountry "SRB"]
[SourceTitle "playchess.com"]
[Source "ChessBase"]
[SourceQuality "1"]

{[%evp 9,97,0,0,0,4,0,27,-2,0,18,14,-2,-6,0,0,0,12,0,-2,0,25,11,12,0,0,-16,-20,-32,12,-10,-4,-33,-24,-42,-25,-45,-19,-28,0,0,0,0,0,0,0,0,0,0,0,0,0,0,0,0,0,0,3,3,8,7,8,7,18,19,26,26,27,0,0,0,33,0,18,0,34,6,7,0,0,0,0,0,0,0,0,0,0,0,0,-7]} 1. b3 e5 2. Bb2 d6 3. e3 Nf6 4. d4 Nbd7 5. dxe5 (5. Nc3 Be7 6. Qd2 O-O 7. O-O-O c6 8. f4 exf4 9. exf4 b5 10. Bd3 a5 11. Nge2 a4 12. d5 axb3 13. axb3 {0-1 (23) Draganic,V (2312)-Ivanovic,B (2408) Montenegro 2017}) 5... dxe5 6. Nf3 {A01: Nimzowitsch-Larsen Opening} Bb4+ $146 ({Predecessor:} 6... e4 7. Nd4 c6 8. Bc4 Be7 9. Nf5 Qa5+ 10. Nd2 Qxf5 11. O-O Ne5 12. Bxe5 Bc5 {0-1 (24) Zdravkovic,D (1810)-Milutinovic,D (1977) Belgrade 2018}) 7. Nbd2 Ne4 (7... O-O {is interesting.} 8. a3 Bd6 9. Be2 Qe7 10. Nc4 a5) 8. Qc1 {White has an edge.} (8. Qe2 {seems wilder.} Nxd2 9. Nxd2 O-O 10. g3 Nf6 11. Bg2) 8... Nxd2 (8... O-O {looks sharper.} 9. a3 Nxd2 10. Nxd2 Be7 11. Be2 f6) 9. Nxd2 O-O 10. c3 Be7 11. Qc2 c6 12. Bd3 h6 13. O-O Nc5 14. Be2 Be6 15. Rfd1 Qc7 16. b4 Nd7 17. Bc4 Bxc4 18. Nxc4 Nb6 19. Nd2 Rfd8 20. a3 c5 21. bxc5 Qxc5 22. c4 Rd7 23. a4 Rc8 {[%cal Rb6c4]} 24. Ba3 Qc6 25. Bxe7 Rxe7 26. a5 Nd7 27. Ne4 Qxc4 28. Qxc4 Rxc4 29. Nd6 Rc7 $1 30. Nb5 Rc5 31. Nxa7 e4 32. h3 g6 33. Rab1 Nf6 34. Rd8+ Kg7 35. Nb5 h5 36. Ra8 Ne8 37. Ra7 Kf8 38. Ra8 {Black should prevent Nd6.} Kg7 39. Ra7 {Black must now prevent a6.} Kf8 40. Rb4 Rc1+ 41. Kh2 Rc5 42. Rb2 h4 {The position is equal.} 43. Nd4 Nd6 44. Rb4 Rd5 45. Rb1 Rc5 46. Rd1 Nc4 47. a6 bxa6 48. Rxa6 Ne5 49. Rb1 {Accuracy: White = 54%, Black = 68%.} 1/2-1/2